| 000 | 00912nam a2200289Ia 4500 | ||
|---|---|---|---|
| 001 | Z_361 | ||
| 003 | CHAP | ||
| 008 | 220113s1980 xx 000 0 und d | ||
| 010 | _a163337 | ||
| 040 | _cCHAP | ||
| 090 | _aTesis C 27 | ||
| 100 |
_aCuspinera Rodríguez, Víctor Hugo _930748 |
||
| 245 |
_aEstudio comparativo del valor nutritivo del sorgo, maíz común y maíz opaco-2 en dietas para conejos en crecimiento / _cpor Víctor Hugo Cuspinera Rodríguez |
||
| 260 |
_aChapingo, Méx. : _bEl autor, _c1980 |
||
| 300 | _a48 h. | ||
| 502 | _aTesis (Ing. Agrónomo Esp. en Zootecnia) -- UACH. Departamento de Zootecnia | ||
| 650 |
_aConejos _xAlimentación _926353 |
||
| 650 |
_aMaíz opaco _971117 |
||
| 650 |
_aMaíz _xValor nutritivo _971080 |
||
| 650 |
_aSorgo _xValor nutritivo _9108733 |
||
| 901 | _aTESIS C 27 | ||
| 902 | _aM | ||
| 910 | _a1980 | ||
| 942 | _c2 | ||
| 942 | _c2 | ||
| 999 |
_c163337 _d163337 |
||